000 00468nam a2200181Ia 4500
003 OSt
005 20220420110512.0
008 211109s9999||||xx |||||||||||||| ||und||
040 _cSBCL
082 _a920
_bRAV-J
100 _aRAVI KURIKKAD
245 0 _aJUSTICE V R KRISHNIYER
_bJANAHRUDHAYANGALIL ORU NYAYADHIPAN
260 _bDC BOOKS
_aKottayam
_c1995
300 _a118
630 _xGeneral stack
650 _aBIOGRAPHY
_vJUSTICE V R KRISHNIYER
942 _cBOOK
999 _c51615
_d51615